Status Effect Lengths - Statistics

General Stats
  • This quiz has been taken 33 times
    11 since last reset
  • The average score is 5 of 27
Answer Stats
Effect Length % Correct
Bad Omen 1 hour 40 minutes
100%
Absorption 2 minutes (but ends early if take too much damage)
44%
Dolphin's Grace 5 seconds but replenished if continue swimming within 15 blocks
44%
Hunger / (from rotten flesh) 30 seconds (80% chance)
44%
Jump Boost 5 seconds (sus stew)
33%
Poison / (from fully puffed pufferfish attack) 6 seconds (mob)
33%
Blindness 11 seconds (sus stew)
22%
Fire resistance 3 seconds (sus stew)
22%
Night Vision 5 seconds (sus stew)
22%
Regeneration 7 seconds (sus stew)
22%
Weakness 7 seconds (sus stew)
22%
Mining Fatigue 5 minutes
11%
Nausea 7 seconds (sus stew)
11%
Poison 11 seconds (sus stew)
11%
Saturation 0.35 seconds (sus stew)
11%
Slowness / (from stray) 30 seconds (mob)
11%
Weakness / (from parched) 30 seconds (mob)
11%
Wither 7 seconds (sus stew)
11%
Glowing / (from spectral arrow) 10 seconds
0%
Hunger / (from eating pufferfish) 15 seconds
0%
Nausea / (from eating pufferfish) 15 seconds
0%
Poison / (from Bogged) 4 seconds
0%
Poison / (from eating pufferfish) 1 minute
0%
Poison / (from spider eye) 5 seconds
0%
Regeneration / (from Gapple) 5 seconds
0%
Water Breathing / (from BT) 3 minutes
0%
Weakness / (from igloo basement) 1 minute 30 seconds
0%
No matching quizzes found
Score Distribution
Percent of People with Each Score
Percentile by Number Answered
Your Score History
You have not taken this quiz since the last reset